00586nam a2200193 a 450000100060000000300090000600500170001500800410003203500170007304000320009004100080012208200240013010000220015424500720017626000490024830000230029750400310032065100410035143058BD-RJUL 20211209053635.0160619s1942 nyu 000 0 eng d aBD-RJUL43176 aDLCcKSUdOCLdBD-RJULbeng aeng a330.9385bDAE 1942 1 aDay, John,d1902-13aAn economic history of Athens under Roman domination /cby John Day aNew York :bColumbia University Press,c1942 ax, 300 p. ;c24 cm aBibliography: p. [281]-286 0aAthens (Greece)xEconomic conditions